000 00440nam a2200181Ia 4500
001 19223
005 20260306171728.0
008 260306s9999||||xx |||||||||||||| ||und||
041 _aESP
082 _a658.80711
_bM26
100 _aMartínez Valverde, Jose Fulgencio
_eAUT
245 0 _aInvestigación comercial
260 _c2015
300 _a261 páginas :
_c27 cm.
650 _aGEN
654 _aCAN
942 _cLIB
_dJUS
_fJUS
_2ddc
_n
999 _c19223
_d19223